Statystyki dla Najdłuższe rzeki Polski

Kliknij tutaj aby rozwiązać quiz!

Ogólne statystyki

  • Ten quiz został rozwiązany 9,516 razy
    (7,622 od ostatniego zresetowania)
  • Średni wynik to 9 z 30

Statystyki odpowiedzi

Długość Nazwa rzeki % Correct
1047 kmWisła
100%
854 kmOdra
98%
808 kmWarta
87%
772 kmBug
84%
443 kmSan
59%
484 kmNarew
52%
303 kmWieprz
46%
388 kmNoteć
44%
274 kmDunajec
43%
252 kmNysa Łużycka
32%
319 kmPilica
31%
205 kmWisłok
30%
272 kmBóbr
24%
155 kmBiebrza
23%
182 kmNysa Kłodzka
22%
238 kmBrda
21%
164 kmWisłoka
18%
166 kmBzura
15%
207 kmDrwęca
13%
249 kmWkra
13%
198 kmWda
13%
264 kmŁyna
10%
151 kmNida
10%
217 kmProsna
9%
253 kmObra
8%
186 kmDrawa
7%
170 kmPoprad
6%
169 kmPasłęka
6%
168 kmRega
6%
151 kmWierzyca
4%

Rozkład punktacji

Percentyl według liczby udzielonych odpowiedzi

Procent ludzi z każdym wynikiem

Twoja historia wyników

Nie rozwiązałeś tego quizu od ostatniego zresetowania